| 000 | 01926nam a2200373 i 4500 | ||
|---|---|---|---|
| 003 | DO-SdBNP | ||
| 005 | 20260204140430.0 | ||
| 007 | ta | ||
| 008 | 210420b2020 dr ||||| |||| 00| 0 spa d | ||
| 020 | _a9789945501643 | ||
| 040 |
_aDo-SdBNP _bspa _cBNPHU _erda |
||
| 041 | _aspa | ||
| 082 | 4 |
_a301 _bJ61a _222 |
|
| 100 |
_aJiménez, Celedonio, _d1951- _eautor _917461 _4aut. |
||
| 245 | 1 | 0 |
_aAportes de la sociología al desarrollo de la Sociedad Dominicana / _cCeledonio Jiménez ; ilustración, Juan Carlos Capella ; prólogo, Giovanni Brito Bloise. |
| 264 |
_aSanto Domingo : _bUniversitaria, UASD, _c©2020. |
||
| 300 |
_a193 páginas ; _c22 cm |
||
| 336 |
_atexto _btxt _2rdacontent |
||
| 337 |
_asin mediación _bn _2rdamedia |
||
| 338 |
_avolumen _bn _2rdacarrier |
||
| 490 | 0 | _aSociología y desarrollo | |
| 500 | _aIncluye dados biográficos del autor en la contracubierta | ||
| 500 | _aLa biblioteca posee 1 ejemplar autografiado por el autor. | ||
| 504 | _aBibliografía : p. 191-193 | ||
| 505 | 0 |
_aTransformaciones estructurales y los aportes de la sociología -- _tPrimer Período. Creación de la Escuela de Sociología y las luchas contra los remanentes del trujillismo (1962-1978) -- _tLos aportes de la sociología durante el período de los doce años -- _tSegundo Período. De los gobiernos liberales-populistas del PRD a las "pobladas" barriales (1978-1986) -- _tTercer Período. Retorno de Balaguer: la "dictablanda" (1986-1996) -- _tCuarto Período. PLD al poder o a la sociología en la era del neoliberalismo (1996-2020) -- |
|
| 590 | _aInventariado, 2021 / DG | ||
| 650 | 4 |
_aEcología urbana (Sociología) _951100 |
|
| 650 | 4 |
_aSociología política _92483 |
|
| 650 | 4 |
_aCiencias sociales _91065 |
|
| 700 | 1 |
_aBrito Bloise, Giovanni, _eprologuista _974080 _4pr. |
|
| 700 | 1 |
_aCapella, Juan Carlos, _eIlustrador _978444 |
|
| 910 | _aD/G/ Validado. Control de calidad/MAA | ||
| 942 |
_2ddc _cLBS1 |
||
| 999 |
_c49764 _d49764 |
||